00504 2200193 4500001002100000005001500021008004100036020002200077035001900099041000700118082001100125090001700136100001800153245004900171260002700220300003700247500001100284650001500295INLIS00000000002175020241224131127241224||||||||| | ||| |||| || |  a978-979-29-0652-3 0010-1224021750 aid0 a635.98 a635.98 FER a0 aFERI SULIANTA00aArt Of Terrarium: Keindahan Taman dalam Kaca aYogyakartabandic2008 a23x19,5 cm, vi, 124 hlm.; ilus.: aCet. 1 0aAgribisnis